000 00343nam a2200157Ia 4500
001 28019
003 IN-NITTTR
005 20251114233347.0
008 251113s9999||||xx |||||||||||||| ||eng||
040 _beng
040 _cIN-NITTTR
041 _aeng
082 _a891.43301 B1D H
245 0 _aDrishti and other stories /
942 _2ddc
_cBK
999 _c30647
_d30647